000 00378nam a22001217a 4500
999 _c2977
_d2977
008 200318b ||||| |||| 00| 0 eng d
110 _92570
_aRoyal Navy, Great Britain.
245 1 0 _aAstro navigation:admiralty manual of navigation, Vol. 2 /
260 _aUnited Kingdom:
_bNautical Institute,
_c2004.
300 _avi, 321p.
650 0 _aNavigation--Safety measures
942 _cBK